Gaming Quiz

Random Gaming or Video Games Quiz

Number Munchers V Quiz Stats

 Plays Quiz not verified by Sporcle

Also try: Number Munchers VI
Challenge
Share
Tweet
Score 0/25 Timer 01:00
0 Plays Today
% Correct
???
92.7%
???
90.7%
???
87.9%
???
87.1%
???
87.1%
???
85.9%
???
85.9%
???
85.5%
???
85.1%
???
83.9%
???
82.3%
???
79.8%
???
79.4%
% Correct
???
78.6%
???
77.4%
???
74.6%
???
74.6%
???
73.4%
???
72.2%
???
71.8%
???
70.6%
???
70.2%
???
70.2%
???
68.1%
???
63.3%

You're not logged in!

Compare scores with friends on all Sporcle quizzes.
OR
Log In

You Might Also Like...

Show Comments

Extras

Top Quizzes Today


Score Distribution

Your Account Isn't Verified!

In order to create a playlist on Sporcle, you need to verify the email address you used during registration. Go to your Sporcle Settings to finish the process.

Report this User

Report this user for behavior that violates our Community Guidelines.

Details: